सज्जन राजकारणी आणि व्यासंगी विद्वान प्रा. मधु दंडवते (Record no. 337137)

MARC details
000 -LEADER
fixed length control field 00843nam a2200169Ia 4500
008 - FIXED-LENGTH DATA ELEMENTS--GENERAL INFORMATION
fixed length control field 090711s9999 xx 000 0 und d
082 ## - DEWEY DECIMAL CLASSIFICATION NUMBER
Item number 169
100 ## - MAIN ENTRY--PERSONAL NAME
Personal name कदम माधव
245 ## - TITLE STATEMENT
Title सज्जन राजकारणी आणि व्यासंगी विद्वान प्रा. मधु दंडवते
260 ## - PUBLICATION, DISTRIBUTION, ETC. (IMPRINT)
Name of publisher, distributor, etc युनिटी प्रकाशन प्रा. लि.
Date of publication, distribution, etc 2000
300 ## - PHYSICAL DESCRIPTION
Extent 29
600 ## - SUBJECT ADDED ENTRY--PERSONAL NAME
Personal name कदम माधव
630 ## - SUBJECT ADDED ENTRY--UNIFORM TITLE
Uniform title सज्जन राजकारणी आणि व्यासंगी विद्वान प्रा. मधु दंडवते
700 ## - ADDED ENTRY--PERSONAL NAME
Personal name कदम माधव
730 ## - ADDED ENTRY--UNIFORM TITLE
Uniform title सज्जन राजकारणी आणि व्यासंगी विद्वान प्रा. मधु दंडवते
942 ## - ADDED ENTRY ELEMENTS (KOHA)
Koha item type Book

No items available.